Statistics for Traffic hell: photo quiz

Click here to take the quiz!

General Stats

  • This quiz has been taken 5 times
    (2 since last reset)
  • The average score is 6 of 16

Answer Stats

Answer% Correct
India
100%
UAE
100%
Bolivia
50%
Malaysia
50%
Mexico
50%
Russia
50%
Sudan
50%
Sweden
50%
USA
50%
Belgium
0%
Brazil
0%
Canada
0%
France
0%
Indonesia
0%
Mongolia
0%
Niger
0%

Score Distribution

Percentile by Number Answered

Percent of People with Each Score

Your Score History

You have not taken this quiz since the last reset